| 000 | 01503cam a22004217a 4500 | ||
|---|---|---|---|
| 001 | 000092961 | ||
| 003 | CHAP | ||
| 005 | 20220329142912.0 | ||
| 008 | 050126 2004 mx r 00110 spa d | ||
| 010 | _a89427 | ||
| 011 | _a90399 | ||
| 035 | _a100955 | ||
| 040 | _cCHAP | ||
| 090 | _aTesis | ||
| 100 | 0 | 0 |
_aHernández Espinosa, Alberto. _953980 |
| 245 | 1 | 0 |
_aDiseño de riego por gravedad, solución numérica de balance de volumen / _c/por Alberto Hernández Espinosa. |
| 260 |
_aChapingo, Méx. : _bEl autor, _c2004. |
||
| 300 |
_a67 h. : _bilus.; gráfs. |
||
| 502 | _aTesis (Ing. en Irrigación) -- UACH. Departamento de Irrigación | ||
| 590 |
_aALEPH _b10 _c20130110 _lUCH01 _h1503 |
||
| 590 |
_aBATCH-UPD _b10 _c20130110 _lUCH01 _h0745 |
||
| 590 |
_aBATCH-UPD _b10 _c20130410 _lUCH01 _h0426 |
||
| 590 |
_aBATCH-UPD _b10 _c20130914 _lUCH01 _h1609 |
||
| 590 |
_aBATCH-UPD _b10 _c20140324 _lUCH01 _h1448 |
||
| 590 |
_aBATCH-UPD _b10 _c20141002 _lUCH01 _h0825 |
||
| 590 |
_aCONVERSION _b10 _c20130109 _lUCH01 _h1350 |
||
| 590 |
_aE792CSJ _b10 _c20130619 _lUCH01 _h1208 |
||
| 650 | 1 | 4 |
_aProcesamiento automático de datos. _991738 |
| 650 | 1 | 4 |
_aRiego de superficie. _997372 |
| 650 | 1 | 4 |
_aSistemas de riego. _9106772 |
| 856 |
_3Finding aid _uhttp://10.13.5.2/tesis/100955.pdf _zTeclea aquí |
||
| 901 | _aBK | ||
| 905 | _aElisama A. H. | ||
| 942 | _cCD | ||
| 942 | _n0 | ||
| 949 |
_aTesis _bBC _cTES _d100955 _eTS1 _h42936 _i100955 _sb |
||
| 949 |
_aTesis _bBC _cTES _d33724000930582 _eTS2 _fc.2 _h42937 _i100955 _sb |
||
| 999 |
_c89427 _d89427 |
||